São Paulo Neighbourhoods - Statistics

General Stats
  • This quiz has been taken 1,356 times
  • The average score is 34 of 96
Answers on the Map
Answers color-coded by a green-red scale on the quiz's map according to % correct below.
 
Answer Stats
Zone Neighbourhood % Correct
South Zone Morumbi
73%
East Zone Itaquera
71%
Central Zone
71%
West Zone Pinheiros
70%
North Zone Vila Maria
70%
Central Zone Brás
67%
Central Zone Barra Funda
66%
East Zone Moóca
66%
East Zone Tatuapé
64%
Central Zone Liberdade
62%
South Zone Itaim Bibi
57%
West Zone Lapa
57%
South Zone Vila Mariana
56%
North Zone Santana
55%
South Zone Capão Redondo
54%
South Zone Moema
53%
South Zone Santo Amaro
53%
North Zone Tucuruvi
53%
South Zone Jabaquara
51%
West Zone Butantã
50%
South Zone Grajaú
49%
South Zone Ipiranga
49%
South Zone Jardim Paulista
49%
South Zone Parelheiros
49%
Central Zone República
48%
Central Zone Bela Vista
45%
South Zone Campo Limpo
44%
West Zone Perdizes
44%
East Zone Vila Prudente
44%
Central Zone Santa Cecília
43%
Central Zone Consolação
42%
East Zone Penha
42%
East Zone Carrão
41%
South Zone Vila Sônia
41%
Central Zone Bom Retiro
40%
East Zone Itaim Paulista
39%
West Zone Perus
39%
East Zone São Mateus
39%
East Zone Cidade Tiradentes
38%
West Zone Freguesia do Ó
38%
East Zone Vila Matilde
38%
East Zone Belém
37%
West Zone Pirituba
37%
West Zone Brasilândia
36%
South Zone Marsilac
36%
South Zone Saúde
36%
South Zone Sacomã
35%
North Zone Vila Guilherme
34%
South Zone Campo Belo
33%
West Zone Jaraguá
33%
South Zone Jardim Ângela
33%
West Zone Jaguaré
31%
North Zone Tremembé
31%
North Zone Casa Verde
30%
East Zone São Miguel
30%
West Zone Alto de Pinheiros
29%
North Zone Jaçanã
29%
East Zone Sapopemba
29%
South Zone Cambuci
28%
West Zone Limão
28%
Central Zone Pari
28%
West Zone Vila Leopoldina
28%
East Zone Aricanduva
26%
East Zone Artur Alvim
26%
East Zone Guaianazes
25%
South Zone Cidade Dutra
22%
South Zone Socorro
22%
East Zone Vila Formosa
22%
South Zone Cidade Ademar
21%
East Zone Ermelino Matarazzo
21%
West Zone Rio Pequeno
21%
West Zone Anhanguera
20%
East Zone Iguatemi
20%
West Zone Raposo Tavares
20%
East Zone São Lucas
20%
South Zone Vila Andrade
20%
East Zone Água Rasa
19%
West Zone Cachoeirinha
19%
West Zone Jaguará
19%
East Zone Jardim Helena
18%
South Zone Campo Grande
17%
South Zone Cursino
17%
East Zone Cidade Líder
16%
South Zone Jardim São Luis
16%
North Zone Mandaqui
16%
South Zone Pedreira
16%
East Zone Cangaíba
15%
East Zone São Rafael
15%
North Zone Vila Medeiros
15%
East Zone Parque do Carmo
14%
East Zone José Bonifácio
13%
West Zone São Domingos
12%
East Zone Lajeado
11%
East Zone Ponte Rasa
11%
East Zone Vila Curuçá
10%
East Zone Vila Jacuí
9%
No matching quizzes found
Score Distribution
Percent of People with Each Score
Percentile by Number Answered
Your Score History
You have not taken this quiz